| 000 | 00905nam a2200253 a 4500 | ||
|---|---|---|---|
| 005 | 20250812063916.0 | ||
| 008 | 020903s2000 mx r 000 0 spa d | ||
| 020 | _a9264171835 | ||
| 035 | _aUPN01000118883 | ||
| 049 | _aCG | ||
| 050 | 4 |
_aLB2846 _bI5.7 |
|
| 245 | 0 | 0 |
_aInvesting in education : _banalysis of the 1999 world education indicators. |
| 260 |
_aParís : _bOECD, _cc2000. |
||
| 300 |
_a189 p. : _bil. + _e1 CD-ROM ; 4 3/4 plg. |
||
| 440 | 0 | _aEducation and skills | |
| 505 | 8 | _aContenido del CD-ROM: Education at a glance; Investig in education ; Reviews of national policies. | |
| 500 | _aLos archivos contenidos en el CD-ROM se deberán leer a través del programa Acrobat Reader. | ||
| 650 | 4 |
_aEducación _xAspectos económicos _911820 |
|
| 650 | 4 |
_aIndicadores educativos _910097 |
|
| 650 | 4 |
_aEducación y Estado _919 |
|
| 902 | _aBDV/BDV | ||
| 905 | _aLibro | ||
| 999 |
_c91246 _d91246 |
||